000
00314nam a2200133Ia 4500
008
190216s9999||||xx |||||||||||||| ||und||
100
_a
Harish Srivastava
245
0
_a
Lotus 1-2-3
250
_a
1st Ed.
260
_b
"Sterling Information Technologies,"
_c
1993
300
_a
43
650
_a
Computer
942
_c
BK
999
_c
8412
_d
8412